00294nam a2200109Ia 4500008004100000100001800041245004500059250000900104260004500113300000800158650001800166191201s2003 xx 000 0 und d aDANIEL, Jones 0aCambridge English Pronouncing Dictionary a16th aN.DelhibCambridge Universty Pressc2003 a606 aGeneral Books